MARC

LEADER 00000nam0a2200000 4500
001 369960
005 20231102012232.0
035 |a (RuTPU)RU\TPU\retro\27368 
090 |a 369960 
100 |a 20220610d1980 m y0rusy50 ca 
101 0 |a rus 
102 |a RU 
105 |a a j 001zy 
200 1 |a Расчеты по электроснабжению промышленных предприятий  |e учебное пособие  |f А. Н. Шаткин  |g Саратовский политехнический институт 
210 |a Саратов  |c [Б. и.]  |d 1980 
215 |a 72 с.  |c ил. 
320 |a Библиогр.: с. 69-70 
606 1 |a Энергоснабжение предприятий  |2 stltpush  |3 (RuTPU)RU\TPU\subj\21369  |9 46377 
610 1 |a проектирование 
610 1 |a электрические нагрузки 
610 1 |a технико-экономические расчеты 
610 1 |a ремонтно-механические цехи 
610 1 |a учебные пособия 
675 |a 658.26(075.8)  |v 4 
700 1 |a Шаткин  |b А. Н.  |g Александр Николаевич 
712 0 2 |a Саратовский политехнический институт  |c (1960-1992)  |2 stltpush  |3 (RuTPU)RU\TPU\col\283  |9 23321 
801 1 |a RU  |b 63413507  |c 20220610 
942 |c BK